Normal view
MARC view
Entry Personal Name
001 - CONTROL NUMBER
- control field: 264424
003 - CONTROL NUMBER IDENTIFIER
- control field: OSt
005 - DATE AND TIME OF LATEST TRANSACTION
- control field: 20260523093717.0
008 - FIXED-LENGTH DATA ELEMENTS
- fixed length control field: 260523|| aca||aabn | a|a d
040 ## - CATALOGING SOURCE
- Original cataloging agency: OSt
- Transcribing agency: OSt
100 ## - HEADING--PERSONAL NAME
- Dates associated with a name: ದೇವರ ಕೊಂಡಾರೆಡ್ಡಿ
670 ## - SOURCE DATA FOUND
- Source citation: Work cat.: (OSt)241491: Devara Kondareddi 264423, Adhunika kannada sahitya charitre: shastra sahitya, 2015